<?xml version="1.0" encoding="UTF-8"?>
<record
    xmlns:xsi="http://www.w3.org/2001/XMLSchema-instance"
    xsi:schemaLocation="http://www.loc.gov/MARC21/slim http://www.loc.gov/standards/marcxml/schema/MARC21slim.xsd"
    xmlns="http://www.loc.gov/MARC21/slim">

  <leader>03194cam a22004335i 4500</leader>
  <datafield tag="999" ind1=" " ind2=" ">
    <subfield code="c">28180</subfield>
    <subfield code="d">28151</subfield>
  </datafield>
  <controlfield tag="001">20718885</controlfield>
  <controlfield tag="003">EG-ScBUE</controlfield>
  <controlfield tag="005">20200302111410.0</controlfield>
  <controlfield tag="008">181024t20192019nyua   f b    001 0 eng d</controlfield>
  <datafield tag="020" ind1=" " ind2=" ">
    <subfield code="a">9781626234574</subfield>
  </datafield>
  <datafield tag="035" ind1=" " ind2=" ">
    <subfield code="a">(DNLM)101736380</subfield>
  </datafield>
  <datafield tag="040" ind1=" " ind2=" ">
    <subfield code="a">DNLM/DLC</subfield>
    <subfield code="b">eng</subfield>
    <subfield code="e">rda</subfield>
    <subfield code="c">DLC</subfield>
    <subfield code="d">DLC</subfield>
    <subfield code="d">EG-ScBUE</subfield>
  </datafield>
  <datafield tag="082" ind1="0" ind2="4">
    <subfield code="a">617.520592</subfield>
    <subfield code="b">KON</subfield>
    <subfield code="2">22</subfield>
  </datafield>
  <datafield tag="100" ind1="1" ind2=" ">
    <subfield code="a">Kontis, Theda C.,</subfield>
    <subfield code="e">author.</subfield>
  </datafield>
  <datafield tag="245" ind1="1" ind2="0">
    <subfield code="a">Cosmetic injection techniques :</subfield>
    <subfield code="b">a text and video guide to neurotoxins and fillers /</subfield>
    <subfield code="c">Theda C. Kontis, MD, FACS, Associate Professor, The Johns Hopkins University Hospital, Board-Certified Facial Plastic Surgeon, Facial Plastic Surgicenter, Baltimore, Maryland, Victor G. Lacombe, Board-Certified Facial Plastic Surgeon, Santa Rosa, California, Sarah E. Faris, MA, CMI, Assistant Professor, Virginia Commonwealth University, School of the Arts, MEdical Illustrator, Richmond, Virginia ; foreword by Jean D. Carruthers, MD, FRCSC, FRC (Ophth), Felllow, American Society of Ophthalmic Plastic and Reconstructive Surgery, Clinical Professor, Department of Ophthalmology, University of British Columbia, Vancouver, British Columbia, Canada.</subfield>
  </datafield>
  <datafield tag="250" ind1=" " ind2=" ">
    <subfield code="a">Second edition.</subfield>
  </datafield>
  <datafield tag="264" ind1=" " ind2="1">
    <subfield code="a">New York :</subfield>
    <subfield code="b">Thieme Medical Publishers,</subfield>
    <subfield code="c">[2019]</subfield>
  </datafield>
  <datafield tag="264" ind1=" " ind2="4">
    <subfield code="c">c2019</subfield>
  </datafield>
  <datafield tag="300" ind1=" " ind2=" ">
    <subfield code="a">xviii, 210 pages :</subfield>
    <subfield code="b">illustrations  ;</subfield>
    <subfield code="c">27 cm</subfield>
  </datafield>
  <datafield tag="336" ind1=" " ind2=" ">
    <subfield code="a">text</subfield>
    <subfield code="b">txt</subfield>
    <subfield code="2">rdacontent</subfield>
  </datafield>
  <datafield tag="337" ind1=" " ind2=" ">
    <subfield code="a">unmediated</subfield>
    <subfield code="b">n</subfield>
    <subfield code="2">rdamedia</subfield>
  </datafield>
  <datafield tag="338" ind1=" " ind2=" ">
    <subfield code="a">volume</subfield>
    <subfield code="b">nc</subfield>
    <subfield code="2">rdacarrier</subfield>
  </datafield>
  <datafield tag="504" ind1=" " ind2=" ">
    <subfield code="a">Includes bibliographical references and index.</subfield>
  </datafield>
  <datafield tag="505" ind1="8" ind2=" ">
    <subfield code="a">Machine generated contents note: -- Section I Introduction to InjectablesSection II Introduction to NeurotoxinsSection III Neurotoxin Injection TechniquesSection IV Introduction to FillersSection V Filler Injection TechniquesSection VI Fat-Dissolving InjectionsSection VII Appendices.</subfield>
  </datafield>
  <datafield tag="520" ind1=" " ind2=" ">
    <subfield code="a">"This revised and updated second edition by esteemed facial plastic surgeons Theda Kontis and Victor Lacombe builds on their bestselling first edition. Content is designed to augment knowledge of beginner injectors and train veteran injectors on how to finesse facial fillers and muscle-relaxing injections. Since publication of the first edition, understanding of the aging face has increased, while the number of non-surgical facial enhancements has continued to skyrocket. This book's primary focus is the improvement of minor facial irregularities and asymmetries using the latest injection procedures"--</subfield>
    <subfield code="c">Provided by publisher.</subfield>
  </datafield>
  <datafield tag="650" ind1=" " ind2="7">
    <subfield code="a">Cosmetic Techniques.</subfield>
    <subfield code="2">BUEsh</subfield>
  </datafield>
  <datafield tag="650" ind1=" " ind2="7">
    <subfield code="a">Face</subfield>
    <subfield code="x">surgery.</subfield>
    <subfield code="2">BUEsh</subfield>
  </datafield>
  <datafield tag="650" ind1=" " ind2="7">
    <subfield code="a">Injections, Subcutaneous</subfield>
    <subfield code="x">methods.</subfield>
    <subfield code="2">BUEsh</subfield>
    <subfield code="9">27239</subfield>
  </datafield>
  <datafield tag="650" ind1=" " ind2="7">
    <subfield code="a">Neurotoxins</subfield>
    <subfield code="x">therapeutic use.</subfield>
    <subfield code="2">BUEsh</subfield>
  </datafield>
  <datafield tag="650" ind1=" " ind2="7">
    <subfield code="a">Dermal Fillers</subfield>
    <subfield code="x">therapeutic use.</subfield>
    <subfield code="2">BUEsh</subfield>
  </datafield>
  <datafield tag="650" ind1=" " ind2="7">
    <subfield code="a">Face</subfield>
    <subfield code="x">anatomy &amp; histology.</subfield>
    <subfield code="2">BUEsh</subfield>
  </datafield>
  <datafield tag="653" ind1=" " ind2=" ">
    <subfield code="b">DDENT</subfield>
    <subfield code="c">March2020</subfield>
  </datafield>
  <datafield tag="700" ind1="1" ind2=" ">
    <subfield code="a">Lacombe, Victor G.,</subfield>
    <subfield code="e">author.</subfield>
  </datafield>
  <datafield tag="700" ind1="1" ind2=" ">
    <subfield code="a">Faris, Sarah E.,</subfield>
    <subfield code="e">author.</subfield>
  </datafield>
  <datafield tag="700" ind1="1" ind2=" ">
    <subfield code="a">Carruthers, Jean D.,</subfield>
    <subfield code="e">author of introduction, etc.</subfield>
    <subfield code="9">37940</subfield>
  </datafield>
  <datafield tag="856" ind1="4" ind2="2">
    <subfield code="3">Access your free e-book and videos</subfield>
    <subfield code="u">https://profile.thieme.de/HTML/sso/er/cp_er_register.htm?claim=true&amp;hook_url=https://medone.thieme.com/p/registration/registered/code&amp;rdeLocaleAttr=en</subfield>
  </datafield>
  <datafield tag="942" ind1=" " ind2=" ">
    <subfield code="2">ddc</subfield>
    <subfield code="c">BB</subfield>
  </datafield>
  <datafield tag="952" ind1=" " ind2=" ">
    <subfield code="0">0</subfield>
    <subfield code="1">0</subfield>
    <subfield code="2">ddc</subfield>
    <subfield code="4">0</subfield>
    <subfield code="7">0</subfield>
    <subfield code="8">Scien G.</subfield>
    <subfield code="a">MAIN</subfield>
    <subfield code="b">MAIN</subfield>
    <subfield code="c">1ST</subfield>
    <subfield code="d">2020-03-02</subfield>
    <subfield code="e">Purchase</subfield>
    <subfield code="g">2600.00</subfield>
    <subfield code="l">1</subfield>
    <subfield code="m">11</subfield>
    <subfield code="o">617.520592 KON</subfield>
    <subfield code="p">000048839</subfield>
    <subfield code="r">2025-07-15 00:00:00</subfield>
    <subfield code="s">2021-01-03</subfield>
    <subfield code="v">3250.00</subfield>
    <subfield code="w">2020-03-02</subfield>
    <subfield code="y">BB</subfield>
  </datafield>
</record>
